000 00687nam a2200181 4500
001 107795
003 ES-MaACL
005 20230906184507.0
007 t|
008 061121s1959 sp r ||||1| spa d
100 1 _aMoreno Fernández, Francisco.
_983371
245 1 3 _aLa guerra en el mar (hombres, barcos y honra) /
_cbasado en las memorias del Almirante Francisco Moreno; recopiladas por Fernando Moreno Reyna y Salvador Moreno Reyna.
260 _aBarcelona :
_bA H R,
_c1959.
300 _a328 p. 18 gráf. 6 lám. :
_b` retr. aut.` ;
_c18.
700 1 _aMoreno de Reyna, Fernando.
_983359
700 1 _aMoreno de Reyna, Salvador.
_983360
852 _aES-MaACL
_jC-16176
_bR.44100
999 _c107795
_d107795